000 00539nam a22001817a 4500
999 _c5778
_d5778
003 GBCCL
005 20241126110549.0
008 180406b ||||| |||| 00| 0 eng d
040 _cgbc
082 _a220.07
_bPAT
100 _aPatterson, Farrar
_910467
245 _aDo-it-Yourself Bible study:
_bThe inductive method /
_cFarrar Patterson
260 _aTexas:
_bLatimer House Publishing Company,
_c1985
300 _a96 p.;
_bill.,
_c21 cm.
650 _aBible
_vStudy & Teaching
_910322
650 _aStudy Skills
_91844
942 _2ddc
_cBK
_01